00294nam a2200121Ia 4500008004100000082001600041100002000057245004000077250001200117260002700129300000800156650000800164191201s2010 xx 000 0 und d a658.15bDAI aDANIELS, John D 0aInternational Business Environments aIMP 1st aN.DelhibPearsonc2010 a878 aMBA